000 01112nam a2200361 4500
001 00441278
003 DO-SdBNP
005 20180220141840.0
007 00441278
008 950522s1993 sp a | |||| ||spa
016 7 _a
_2BPMSU
017 _a
_b
020 _a8434820919
035 _a
040 _aBPMSU
_bspa
_cBPMSU
_e
041 1 _aspa
_h
080 0 _a
100 1 _aMartín, Paco
_d1940-
240 1 4 _aDas cousas de Ramón Lamote /
245 1 4 _aCosas de Ramón Lamote /
_cPaco Martín ; ilustraciones, Xoán Balboa ; traducción, Ángela Franco
_h
250 _a7ª ed.
260 _aMadrid :
_bSM,
_c1993
300 _a155 p. :
_bil.;
_c19 cm
490 _aEl barco de vapor.
_a Serie roja
_v 49
521 _aA partir de 12 años
586 _aPremio nacional de literatura infantil y juvenil 1986 (Premio o Barco de Vapor 1984)
700 1 _aBalboa, Xoán
_d1938-
_eil.
700 1 _aFranco, Ángela
_etr.
830 _aEl barco de vapor.
_p Serie roja
_v49
942 _2ddc
_cBK
945 _aInventariado, 2018/ YL
956 _aVMATEO
_210
_320160411
_6BPMSU
_80069
999 _c9670
_d9670